书目信息 |
| 题名: |
爱国观念的转化与北美独立运动的兴起
|
|
| 作者: | 何芊 著 | |
| 分册: | ||
| 出版信息: | 北京 北京大学出版社 2025.02 |
|
| 页数: | 208页 | |
| 开本: | 23cm | |
| 丛书名: | 博雅史学论丛 | |
| 单 册: | ||
| 中图分类: | K712.41 | |
| 科图分类: | ||
| 主题词: | 美国独立战争--爱国主义--研究 | |
| 电子资源: | ||
| ISBN: | 978-7-301-35958-7 | |
| 000 | 01589oam2 2200277 450 | |
| 001 | 01035300 | |
| 005 | 20251022202407.29 | |
| 010 | @a978-7-301-35958-7@dCNY58.00 | |
| 100 | @a20250318d2025 kemy0chiy0120 ea | |
| 101 | 0 | @achi |
| 102 | @aCN@b110000 | |
| 105 | @ay v 000yy | |
| 106 | @ar | |
| 200 | 1 | @a爱国观念的转化与北美独立运动的兴起@9ai guo guan nian de zhuan hua yu bei mei du li yun dong de xing qi@dTransformation of the idea oof patriotism and the coming of American independence@f何芊著@zeng |
| 210 | @a北京@c北京大学出版社@d2025.02 | |
| 215 | @a208页@d23cm | |
| 225 | 1 | @a博雅史学论丛 |
| 300 | @a国家社科基金青年项目“国际史视野下的美国早期国族构建研究[1788-1848]”的阶段性成果 国际关系学院中央高校基本科研业务费出版资助项目支持 | |
| 330 | @a本书讨论了这样一个核心问题:美利坚人如何从前现代的政治思想资源中汲取、改造并捏合一系列的核心概念,以论证独立运动的合法性。在18世纪美利坚建国的过程中,在独立运动的酝酿、发展与推进过程中,在北美殖民地反英派为反抗母国和独立正名的话语调用和逻辑自证中,源自英国政制传统的“爱国”观念被不断调用,多次改造,成为反抗母国行动的辩护话语。作者从政治概念史的角度出发,调动多种理论资源,挖掘题材和史料的意义,为理解美国革命话语形成以前反英派的意识形态提供了富有启发性的新思路,并在爱国观念转化与独立运动兴起之间建立了事实关联。 | |
| 461 | 0 | @12001 @a博雅史学论丛 |
| 510 | 1 | @aTransformation of the idea oof patriotism and the coming of American independence@zeng |
| 606 | 0 | @a美国独立战争@x爱国主义@x研究 |
| 690 | @aK712.41@v5 | |
| 701 | 0 | @a何芊@9he qian@4著 |
| 801 | 0 | @aCN@c20250908 |
| 905 | @a河南城建学院图书馆@dK712.41@eH195@ZH195@f1 | |
| 爱国观念的转化与北美独立运动的兴起=Transformation of the idea oof patriotism and the coming of American independence/何芊著.-北京:北京大学出版社,2025.02 |
| 208页;23cm.-(博雅史学论丛) |
| 国家社科基金青年项目“国际史视野下的美国早期国族构建研究[1788-1848]”的阶段性成果 国际关系学院中央高校基本科研业务费出版资助项目支持 |
| ISBN 978-7-301-35958-7:CNY58.00 |
| 本书讨论了这样一个核心问题:美利坚人如何从前现代的政治思想资源中汲取、改造并捏合一系列的核心概念,以论证独立运动的合法性。在18世纪美利坚建国的过程中,在独立运动的酝酿、发展与推进过程中,在北美殖民地反英派为反抗母国和独立正名的话语调用和逻辑自证中,源自英国政制传统的“爱国”观念被不断调用,多次改造,成为反抗母国行动的辩护话语。作者从政治概念史的角度出发,调动多种理论资源,挖掘题材和史料的意义,为理解美国革命话语形成以前反英派的意识形态提供了富有启发性的新思路,并在爱国观念转化与独立运动兴起之间建立了事实关联。 |
| ● |
| 相关链接 |
|
|
|
正题名:爱国观念的转化与北美独立运动的兴起
索取号:K712.41/H195
 
预约/预借
| 序号 | 登录号 | 条形码 | 馆藏地/架位号 | 状态 | 备注 |
| 1 | 1631781 | 216317812 | 社科库309/309社科库 41排3列6层/ [索取号:K712.41/H195] | 在馆 |